000 00634nam a2200301Ia 4500
005 20260401122103.0
008 008 250103s9999 xx 000 0 eng d
020 _a8171674496
037 _aTB
040 _aEDL
040 _beng
040 _cEDL
041 _2eng
041 _aeng
084 _a843.7 HUG
084 _qEDL
100 _aHugo, Victor
_91232554
245 0 _aHunchback of Norte-Dame
245 0 _cHugo, Victor
260 _aNew Delhi
260 _bRupa
260 _c2000
300 _a441p
942 _cTB
942 _h843.7 HUG
999 _c1844828
_d1844828